| 000 | 00381nam a22001577a 4500 | ||
|---|---|---|---|
| 999 |
_c523883 _d523883 |
||
| 003 | NUST | ||
| 005 | 20190601085416.0 | ||
| 008 | 190601b ||||| |||| 00| 0 eng d | ||
| 038 | _a0 | ||
| 082 |
_a338.83 _bLAR |
||
| 100 | _4David Larcker | ||
| 245 | _aA real look at real world corporate governance | ||
| 260 |
_aUSA _bDavid Larcker _c2013 |
||
| 300 | _a157p | ||
| 942 |
_2ddc _cBK |
||